000 00595nam a2200205 a 4500
003 PILC
005 20150112093433.0
008 100716s19uu xx 00 eng d
020 _a1859413617
050 _aK 115
_b.W337 1997
082 _aLSF 349.34
_bM33 1997
100 _aMcCormick-Watson, Jan
_914096
245 _aEssential english legal system /
250 _a2nd ed.
260 _aWharton Street, London :
_bCavendish Publishing Limited, The Glass House,
_c1997.
300 _a144 pages :
_c16 cm.
650 _aLaw-England
_914097
650 _aLaw-Wales
_914098
942 _2lcc
_cBK
999 _c14477
_d14477